000 00376nam a2200145Ia 4500
005 20251222152720.0
008 251222s9999||||xx |||||||||||||| ||spa||
020 _a8497322495
082 _a338.5/N54
100 _aNicholson, Walter
245 0 _aTeoría Microeconómica Principios Básicos y Ampliaciones
250 _a8va.ed.
264 _bThomson Learning
942 _cLIB
999 _c29538
_d29538